Riconosci la Squadra di calcio - Quiz n°225 - Statistics

Statistiche generali
  • Questo quiz è stato fatto 13 volte
  • Il punteggio medio è 6 su 10
Statistiche sulle risposte
Indizio Risposta % Corretto
Titoli nazionali 3 Titoli d'Inghilterra
100%
Colori sociali oro, nero
100%
Simboli Leone
90%
Divisione nazionale 2023-2024 Prima
90%
Confederazione UEFA
50%
Trofei internazionali 1 Texaco Cup 1 Uhrencup
40%
Capienza Stadio 31 700 posti
40%
Trofei nazionali 4 Coppe d'Inghilterra2 Coppe di Lega inglesi 4 Community Shield
40%
Fondazione 1877
30%
Squadra Wolverhampton
20%
Nessun quiz corrispondente trovato
Distribuzione punteggi
Percentuale di utenti per punteggio
Percentile per numero di risposta
I tuoi punteggi nel tempo
Non hai fatto questo quiz